| 000 | 00804nab a2200253 4500 | ||
|---|---|---|---|
| 003 | BR-BrBNA | ||
| 005 | 20250401222448.0 | ||
| 008 | 250401b bl.||||| |||| 00| 0 por d | ||
| 040 |
_aBR-BrBNA _bpor |
||
| 072 | _aE40 ; E13 ; E70 | ||
| 100 | _aAraújo, Carla | ||
| 245 |
_aMuito mais que laranja _bAgrofinanças |
||
| 500 | _a1 illus. | ||
| 650 | _aCREDICITRUS | ||
| 650 | _aCOOPERATIVA DE CRÉDITO | ||
| 650 | _aCOMERCIALIZAÇÃO COOPERATIVA | ||
| 650 | _aCUSTEIO | ||
| 650 | _aINVESTIMENTO | ||
| 650 | _aBEBEDOURO | ||
| 650 | _aSÃO PAULO | ||
| 773 | 0 |
_01706 _9346302 _dSão Paulo-SP Editora Três Ltda - E-mail: luizfsa@revistadinheiro.com.br 2004 _o2024-6956 _tDinheiro Rural (Brazil) _x1807-3700 _gv. 3(20) p. 95; (Jun 2006) _wBR2025000447 |
|
| 942 | _cANA | ||
| 999 |
_c330791 _d330791 |
||